| 000 | 00770nam a2200241 i 4500 | ||
|---|---|---|---|
| 001 | 133604 | ||
| 003 | ES-MaACL | ||
| 005 | 20250825062722.0 | ||
| 007 | t| | ||
| 008 | 070821s1967 sp ||||1| spa d | ||
| 100 | 1 |
_aWood, Alan. _9117301 |
|
| 245 | 1 | 0 |
_aBertrand Russell, el escéptico apasionado / _cAlan Wood ; traducción del inglés por Juan García-Puente. |
| 260 |
_a[Madrid] : _bAguilar, _c[1967] |
||
| 300 |
_a334 p. ; _c21 cm. |
||
| 490 | 1 | _aColección literaria | |
| 600 | 1 | 4 |
_aRussell, Bertrand, _d1872-1970- _xBiografías _9101034 |
| 655 | 0 |
_aBiografías _9176647 |
|
| 700 | 1 |
_aGarcía-Puente, Juan. _955139 |
|
| 830 | 0 |
_aColección literaria _9179831 |
|
| 852 |
_aES-MaACL _jC-33782 _bR.64763 |
||
| 942 | _2udc | ||
| 999 |
_c133604 _d133604 |
||